| 000 | 00734nam a22002531 4500 | ||
|---|---|---|---|
| 001 | 7764 | ||
| 003 | BD-RjUL | ||
| 005 | 20211208234453.0 | ||
| 008 | 140115r1969 enka b 001 0 eng | ||
| 035 | _a(BD-RjUL)7808 | ||
| 040 |
_aDLC/ICU _cICU _dDLC _dBD-RjUL _beng |
||
| 041 | _aeng | ||
| 082 | 0 | 0 |
_a512.896 _bCOI 1969 |
| 100 | 1 |
_aCoulson, A. E. _q(Archibald Edward) _924205 |
|
| 245 | 1 | 0 |
_aIntroduction to matrices / _cA.E. Coulson. |
| 260 |
_aLondon : _bLongmans , _cc1965 [3rd. imp. 1969]. |
||
| 300 |
_avii, 152 p. : _billus. ; _c21 cm. |
||
| 504 | _aBibliography: p. 129. and index. | ||
| 650 | 0 |
_aMatrices. _924207 |
|
| 942 |
_2ddc _cBK |
||
| 999 |
_c7764 _d7764 |
||